Cationic copolymerization of fraction of liquid pyrolysis products and butylmethacrylate; IFOST 2012; Vol. 1

書誌詳細
Parent link:IFOST 2012: The 7th International Forum on Strategic Techology, September 17-21, 2012, Tomsk/ National Research Tomsk Polytechnic University (TPU).— , 2012
Vol. 1.— 2012.— P. 26-29
その他の著者: Bondaletov V. G. Vladimir Grigoryevich, Bondaletova L. I. Lyudmila Ivanovna, Bondaletov O. V. Oleg Vladimirovich, Kustova E. Elena
要約:The possibility of obtaining modified petroleum resin, whose structure is determined by means of 1H-NMR spectroscopy and GLC, by copolymerization of various fractions of liquid products of pyrolysis and butyl methacrylate under the influence of cationic catalysts is shown. The yield of modified resins decreases in the following pattern: C9 >; DF >; CF. The number of aromatic units reduces as their unsaturation increases in the same pattern. The modified petroleum resins can be used as a film-forming materials in the paint-and-lacquer materials.
言語:英語
出版事項: 2012
シリーズ:Section 1. Chemical engineering and "Green technology"
主題:
フォーマット: 図書の章
KOHA link:https://koha.lib.tpu.ru/cgi-bin/koha/opac-detail.pl?biblionumber=255015

MARC

LEADER 00000naa2a2200000 4500
001 255015
005 20240119175559.0
035 |a (RuTPU)RU\TPU\book\277518 
035 |a RU\TPU\book\274620 
090 |a 255015 
100 |a 20140326d2012 k y0engy50 ba 
101 0 |a eng 
102 |a RU 
200 1 |a Cationic copolymerization of fraction of liquid pyrolysis products and butylmethacrylate  |f V. G. Bondaletov [et al.] 
225 1 |a Section 1. Chemical engineering and "Green technology" 
320 |a References: p. 29 (8 tit.) 
330 |a The possibility of obtaining modified petroleum resin, whose structure is determined by means of 1H-NMR spectroscopy and GLC, by copolymerization of various fractions of liquid products of pyrolysis and butyl methacrylate under the influence of cationic catalysts is shown. The yield of modified resins decreases in the following pattern: C9 >; DF >; CF. The number of aromatic units reduces as their unsaturation increases in the same pattern. The modified petroleum resins can be used as a film-forming materials in the paint-and-lacquer materials. 
461 0 |0 (RuTPU)RU\TPU\book\270770  |t IFOST 2012  |o The 7th International Forum on Strategic Techology, September 17-21, 2012, Tomsk  |f National Research Tomsk Polytechnic University (TPU)  |d 2012 
463 0 |0 (RuTPU)RU\TPU\book\269458  |t Vol. 1  |v P. 26-29  |d 2012  |p 809 p. 
610 1 |a бутилметакрилат 
610 1 |a состав 
610 1 |a жидкие продукты пиролиза 
610 1 |a нефтяные смолы 
610 1 |a модифицированные смолы 
610 1 |a труды учёных ТПУ 
701 1 |a Bondaletov  |b V. G.  |c Chemical Engineer  |c Professor of Tomsk Polytechnic University, Doctor of Technical Sciences  |f 1957-  |g Vladimir Grigoryevich  |3 (RuTPU)RU\TPU\pers\31989  |9 16049 
701 1 |a Bondaletova  |b L. I.  |c Chemical Engineer  |c Associate Professor of Tomsk Polytechnic University, Candidate of chemical sciences  |f 1956-  |g Lyudmila Ivanovna  |3 (RuTPU)RU\TPU\pers\31991  |9 16051 
701 1 |a Bondaletov  |b O. V.  |c Chemical-technologist  |c Engineer of Tomsk Polytechnic University  |f 1984-  |g Oleg Vladimirovich  |3 (RuTPU)RU\TPU\pers\31993 
701 1 |a Kustova  |b E.  |g Elena 
801 1 |a RU  |b 63413507  |c 20121128 
801 2 |a RU  |b 63413507  |c 20160624  |g RCR 
942 |c BK